[Event "Lamia-ch 1213"]
[Site "Lamia"]
[Date "2013.01.19"]
[Round "8"]
[White "Pagouropoulos, Georgios"]
[Black "Stasinos, Panayotis"]
[Result "0-1"]
[WhiteElo "1575"]
[BlackElo "2095"]
[PlyCount "66"]
[EventDate "2012.12.02"]
[EventType "tourn"]
[EventRounds "15"]
[EventCountry "GRE"]
[SourceTitle "EXT 2024"]
[Source "ChessBase"]
[SourceDate "2023.10.10"]
[SourceVersion "1"]
[SourceVersionDate "2023.10.10"]
[SourceQuality "1"]

1. d4 d6 2. Nf3 g6 3. Bf4 Bg7 4. Nc3 Nd7 5. e3 Ngf6 6. Bc4 a6 7. a4 0-0 8. 0-0 Qe8 9. Bg3 e5 10. dxe5 Nxe5 11. Bd5 Nxd5 12. Nxd5 Nxf3+ 13. Qxf3 Qd8 14. Rab1 c6 15. Nb4 Qe7 16. Rfd1 d5 17. c3 Bf5 18. Rbc1 h5 19. Qf4 Rad8 20. Qc7 Rd7 21. Nxc6 bxc6 22. Qxc6 h4 23. Bxh4 Qxh4 24. Rxd5 Rxd5 25. Qxd5 Rd8 26. Qf3 Be5 27. g3 Qxa4 28. Qe2 Bd3 29. Qf3 Be4 30. Qg4 Qc6 31. Rf1 Bf3 32. Qg5 Qd6 33. h4 Qd1 0-1